| 000 | 01275nam a2200313 a 4500 | ||
|---|---|---|---|
| 001 | 000116335 | ||
| 003 | CHAP | ||
| 005 | 20220329144610.0 | ||
| 008 | 191218s2019 mx a |rm |||||||spa | | ||
| 010 | _a112796 | ||
| 011 | _a113768 | ||
| 040 | _cCHAP | ||
| 090 | _aTesis | ||
| 100 | 1 |
_aReyes Aguiña, Yadira. _9137166 |
|
| 245 | 1 | 0 |
_aIplementación y evaluación de un sistema ERP (enterprise resource planning) en la empresa Tecnologías Agribest SA de CV para el control y eficiencia de los recursos empresariales _h[En línea] _cpor Yadira Reyes Aguiña. |
| 260 |
_aChapingo, Méx. : _bEl autor, _c2019. |
||
| 500 | _aPara ver el contenido del material haga clic en la liga | ||
| 502 | _aTesis (Licenciado en Administración de Empresas Agropecuarias) -- UACH. División de Ciencias Económico Administrativas | ||
| 590 |
_aE6337LMJ _b05 _c20191218 _lUCH01 _h1141 |
||
| 590 |
_aE6337LMJ _b05 _c20191218 _lUCH01 _h1141 |
||
| 650 | 1 | 4 |
_aAdministración de empresas. _9922 |
| 650 | 1 | 4 |
_aAdministración _xParticipación de los empleados. _9131521 |
| 650 | 1 | 4 |
_aCambio organizacional. _9131520 |
| 650 | 1 | 4 |
_aFinanzas _xEvaluación. _940940 |
| 856 |
_aFinding aid _uhttp://10.13.5.2/tesis/sist116335.pdf _zTeclea aquí |
||
| 901 | _aBK | ||
| 942 | _cTESIS | ||
| 942 | _n0 | ||
| 999 |
_c112796 _d112796 |
||